logo

Bir Sreshtho Munshi Abdur Rouf Library
Jhenaidah Cadet College

উচ্চমাধ্যমিক রসায়ন সহায়িকা / (Record no. 8711)

MARC details
000 -LEADER
fixed length control field 00732nam a22002177a 4500
001 - CONTROL NUMBER
JCCL Control Number 8711
003 - CONTROL NUMBER IDENTIFIER
JCCL marc code BD-JhCC
005 - DATE AND TIME OF LATEST TRANSACTION
control field 20180301133448.0
008 - FIXED-LENGTH DATA ELEMENTS--GENERAL INFORMATION
fixed length control field 180301b1978 ii ||||| |||| 00| 0 ben d
035 ## - SYSTEM CONTROL NUMBER
system control number (BD-JhCC)8711
040 ## - CATALOGING SOURCE
Original cataloging agency BD-JhCC
Modifying agency BD-JhCC
041 ## - LANGUAGE CODE
Language code of Book ben
082 ## - DEWEY DECIMAL CLASSIFICATION NUMBER
Classification number 540
Author mark and Year CHO 1978
100 ## - MAIN ENTRY--PERSONAL NAME
Personal name চৌধুরী, এম এ আধ্যাপক এন
245 ## - TITLE STATEMENT
Title উচ্চমাধ্যমিক রসায়ন সহায়িকা /
Statement of responsibility, etc আধ্যাপক এন চৌধুরী, এম এ
260 ## - PUBLICATION, DISTRIBUTION, ETC. (IMPRINT)
Place of publication, distribution, etc কলিকাতা :
Name of publisher, distributor, etc জয়দুর্গা লাইব্রেরী
Date of publication, distribution, etc 1978.
300 ## - PHYSICAL DESCRIPTION
Pagination 403 p. :
Dimensions 22 cm.
650 ## - SUBJECT ADDED ENTRY--TOPICAL TERM
Topical term or geographic name as entry element Chemistry
942 ## - ADDED ENTRY ELEMENTS (KOHA)
Source of classification or shelving scheme Dewey Decimal Classification
Koha item type Books
Holdings
Source of classification or shelving scheme Damaged status Not for loan Home library Current library Shelving location Date of accession Cost, normal purchase price Total Checkouts Full call number Barcode Date last seen Copy number Koha item type
Dewey Decimal Classification     JCC Rouf Library JCC Rouf Library General Stacks 03/01/2018 35.00   540 CHO 1978 11526 03/01/2018 C-1 Books

JCC Library | Contacts | JCC Home

Last Update on 23 September 2017
Copyright @ 2017-2020 JCC Rouf Library
Rouf Library, Jhenidah Cadet College (JCC), Bangladesh